000 00492nam a2200193Ia 4500
005 20250326124016.0
008 250326s9999 xx 000 0 und d
037 _aTextbook
040 _aFMSL
_beng
_cFMSL
041 _aeng
_2eng
084 _aX L1
_qFMSL
100 _aBaumol W J
245 0 _aEconomic dynamics: introducation
_cBaumol W J
250 _a3
260 _aLondon
_bLondon, Macmillan
_c1971
300 _a461p
942 _cTB
_hX L1
999 _c1271874
_d1271874